| 000 | 02121nam0a2200325 i 4500 | ||
|---|---|---|---|
| 001 | RU\NLR\BIBL_A\011268454 | ||
| 005 | 20240921173725.0 | ||
| 010 |
_a9785949201596 _9200 |
||
| 021 |
_aRU _b2016-81205 _95302 |
||
| 035 | _a(NLR Aleph) 011268454 | ||
| 090 |
_a10807082 _c10807082 |
||
| 100 | _a20161111d2014 u y0rusy50 ca | ||
| 101 | 0 | _arus | |
| 102 | _aRU | ||
| 105 | _aa j 001zy | ||
| 200 | 1 |
_aМеханизмы управления инновационными проектами в нефтегазовом комплексе России _e[учебное пособие по направлению "Менеджмент" и "Экономика" ] _fД.В. Котов, О.Ю. Ефимова, М.А. Полещук, Е.А. Зараменская _gМ-во образования и науки Рос. Федерации, Федер. гос. бюджет. образоват. учреждение высш. проф. образования "Уфимский гос. нефт. техн. ун-т", Ин-т доп. проф. образования |
|
| 210 |
_aУфа _cМонография _d2014 |
||
| 215 |
_a175 с. _cил. _d21 |
||
| 320 | _aБиблиогр.: с. 171-175 (62 назв.) | ||
| 606 | 1 |
_aНефтегазовая промышленность _jУчебные издания для высших учебных заведений _xИнновационная деятельность _xФинансирование _yРоссийская Федерация _92493228 _3RU\NLR\AUTH\661479200 |
|
| 686 | 1 | _aУ30(2)565.2-93(2Р)я73 | |
| 686 | 1 | _aУ30(2)565.2-55(2Р)я73 | |
| 701 | 1 |
_7ca _8rus _aКотов _bД. В. _gДмитрий Валерьевич _9166007 _3RU\NLR\AUTH\770166054 |
|
| 701 | 1 |
_aЕфимова _bО. Ю. _cспециалист в обл. экономики и управления _gОлеся Юрьевна _9167619 _3RU\NLR\AUTH\770167666 |
|
| 701 | 1 |
_aПолещук _bМ. С. _gМаксим Сергеевич |
|
| 701 | 1 |
_aЗараменская _bЕ. А. _gЕкатерина Александровна |
|
| 942 | _cBOOK | ||
| 980 | _aNBR | ||